Pencak silat for future generations : my training guide to Keluarga Pencak Silat Nusantara techniques

Main Author: Maryono, O'ong,
Language:English
Published: Thailand: Silkworm Books, 2015.
Subjects:
LEADER 00828cam a2200217 7i4500
001 0000129189
005 20170817090000.0
008 170514 th eng
020 # 0 |a 6162151158  
020 # 0 |a 9786162151156  
090 0 0 |a GV 1114.75   |b .M3 2015 
100 1 # |a Maryono, O'ong,  
245 0 0 |a Pencak silat for future generations :   |b my training guide to Keluarga Pencak Silat Nusantara techniques   |c by O'ong Maryono. 
260 # # |a Thailand:   |b Silkworm Books,   |c 2015. 
300 # # |a xiv, 251 p.:   |b ill.;   |c 21 cm.. 
590 # # |a Pusat Pendidikan Asas Liberal 
610 1 0 |a Keluarga Pencak Silat Nusantara (Organization)  
650 0 0 |a Martial arts --   |z Indonesia  
650 0 0 |a Hand-to-hand fighting, Oriental --   |z Indonesia  
650 0 0 |a Pencak silat --   |z Indonesia  
999 |a 1100100485  |b Book  |c Open Shelf  |e KOLEKSI TERBUKA